• 首页
  • 本馆介绍
  • 公告通知
  • 最新文献
  • 馆藏检索
  • 电子资源
  • 读者导购
  • 参考咨询
  • 我的图书馆
  • 登录
  • 详细信息显示
  • 放入我的书架
  • 预约/预借图书
  • 作者相关作品
  • 分类相关作品
  • 丛书相关作品
  • 出版社相关作品

书目信息

  • 表格格式
  • 工作单格式
  • 卡片格式
题名:
荒木经惟的天才写真术
    
 
作者: 荒木经惟 著 ;柯宛汶 译
分册:  
出版信息: 北京   北京联合出版公司  2018
页数: 183页
开本: 22cm
丛书名:
单 册:
中图分类: J40-02
科图分类:
主题词: 摄影艺术--艺术哲学
电子资源:
ISBN: 978-7-5596-0999-1
000 01281nam0 2200277 450
001 012001007381
005 20131019132023.0
010    @a978-7-5596-0999-1@b精装@dCNY98.00
100    @a20180712d2018 em y0chiy50 ea
101 1  @achi@cjpn
102    @aCN@b110000
105    @aa z 000yy
106    @ar
200 1  @a荒木经惟的天才写真术@9huang mu jing wei de tian cai xie zhen shu@b专著@f(日)荒木经惟著@g柯宛汶译
210    @a北京@c北京联合出版公司@d2018
215    @a183页@c图,照片@d22cm
304    @a题名页有日文题名
314    @a荒木经惟 (1940-),出生于东京都台东区三之轮,临近日本古老的红灯区。1959年进入千叶大学工学部摄影印刷科,专攻摄影及电影。毕业后进入广告代理商电通,工作之余(擅自)使用公司的器材创作,近十年的电通时期成为荒木的摄影修行。
314    @a柯宛汶 (1976-),日本大学艺术学部摄影学科毕业。曾任CAPA摄像系列日文编辑,MOOK旅游专属摄影,NEC长期契约翻译等。
330    @a本书将一探荒木经惟的“摄影之道”,不仅涵括构图,调试焦距和快门等技术性知识,展示荒木经惟独到的人生哲学,也将他隐藏在摄影背后的情感逐一披露。
606 0  @a摄影艺术@x艺术哲学
690    @aJ40-02@v5
701  0 @c(日)@a荒木经惟@9huang mu jing wei@f(1940-)@4著
702  0 @a柯宛汶@9ke wan wen@f(1976-)@4译
801  2 @aCN@b上海新华@c20191020
905    @b1176683-6@dJ40-02@e396@f4
    
    荒木经惟的天才写真术/(日)荒木经惟著/柯宛汶译.-北京:北京联合出版公司,2018
    183页:图,照片;22cm
    
    
    ISBN 978-7-5596-0999-1(精装):CNY98.00
    本书将一探荒木经惟的“摄影之道”,不仅涵括构图,调试焦距和快门等技术性知识,展示荒木经惟独到的人生哲学,也将他隐藏在摄影背后的情感逐一披露。
●
相关链接 在E读中查询图书 在五车中查询图书 在当当中查询图书 在豆瓣中查询图书


正题名:荒木经惟的天才写真术     索取号:J40-02/396         预约/预借

序号 登录号 条形码 馆藏地/架位号 状态 备注
1 1176683   211766837   第一样本阅览室/ [索取号:J40-02/396] 在馆    
2 1176684   211766846   第一借阅区/ [索取号:J40-02/396] 在馆    
3 1176685   211766855   第一借阅区/ [索取号:J40-02/396] 在馆    
4 1176686   211766864   第一借阅区/ [索取号:J40-02/396] 在馆    
唐山师范学院图书馆 欢迎您!
大连网信软件有限公司© 版权所有